000 004720000a22001810004500
090 _aAR
_b02748
245 1 0 _aSclerotiniacea VI. Pseudociboria
650 1 4 _aMicología
_97797
650 1 4 _aTaxonomía
_992343
650 1 4 _aMorfología
_992917
650 1 4 _aHábitat
_992506
650 1 4 _aDistribución
_992865
653 _gPseudociboria
041 0 _aInglés
100 1 _aDumont, Kent P.
_996188
942 _cARTICULO
773 1 _tMycologia
_3678
_h4
_q706-712
_d1974
_g66
999 _c11809
_d11809